| 000 | 005320000a22001810004500 | ||
|---|---|---|---|
| 003 | MACL | ||
| 005 | 20160311113103.0 | ||
| 008 | 160311b xxu||||| |||| 00| 0 eng d | ||
| 040 |
_aMACL _cMACL |
||
| 041 | _aMACL | ||
| 082 | _a891.433 | ||
| 100 |
_aउपाध्याय रामकिंकर _944743 |
||
| 245 | _aमानस मुक्तावली | ||
| 260 |
_bबिरला अकादमी _c1982 _aकलकत्ता |
||
| 350 | _a15 | ||
| 650 |
_aNovel _944744 |
||
| 942 |
_cHIN _k891.433 _2ddc |
||
| 999 |
_c28010 _d28010 |
||